000 00565nam a2200205Ia 4500
003 OSt
005 20230613144406.0
008 210423s2018 xx 000 0 und d
040 _cAL
041 _aeng
082 _a336.2
_223
_bMEHG
100 _aMEHROTRA (H C);AGARWAL (V P)
_984170
245 _aGST Goods and services tax and customs act
260 _aAgra
_bSahitya Bhawan Publications
_c2018
300 _a87
_bPB
365 _b295
_cINR
650 _aPublic Finance
_984171
906 _aact ; customs ; Goods ; GST ; services ; tax
942 _2ddc
_cBK
999 _c169269
_d169269